Hlavný paradox diverzity

Diverzita v pracovnom tíme. Hlavný paradox a zároveň výzva diverzity. Kognitívna diverzita. Diverzita veku a skúseností. Diverzita blízkosti. Virtuálny pracovný tím.

Gespeichert in:
Bibliographische Detailangaben
1. Verfasser: Karlgaard, Rich
Format: Buchkapitel
Sprache:Slowakisch
Schlagworte:
Tags: Tag hinzufügen
Keine Tags, Fügen Sie das erste Tag hinzu!

MARC

LEADER 00000naa a2200000 4500
001 0201971
005 20231013091450.2
041 0 |a slo 
044 |a SK 
245 1 0 |a Hlavný paradox diverzity  |c Rich Karlgaard 
520 |a Diverzita v pracovnom tíme. Hlavný paradox a zároveň výzva diverzity. Kognitívna diverzita. Diverzita veku a skúseností. Diverzita blízkosti. Virtuálny pracovný tím. 
610 2 0 |a tímy pracovné 
610 2 0 |a diverzita 
610 2 0 |a národnosti 
610 2 0 |a ženy 
610 2 0 |a muži 
610 2 0 |a kreativita 
610 2 0 |a firmy 
100 1 |a Karlgaard, Rich